Qing yi ban gong yue wu tu shuo : 4 juan /
Saved in:
| Main Author: | |
|---|---|
| Format: | Book |
| Language: | Chinese |
| Published: |
Qinghe,
1851?]
|
| Subjects: | |
| Tags: |
Add Tag
No Tags, Be the first to tag this record!
|
| LEADER | 00728cam a2200217ui 4500 | ||
|---|---|---|---|
| 001 | 007740471-8 | ||
| 005 | 20024617112705.0 | ||
| 008 | 980317s1851 cc a 000 0 chi d | ||
| 035 | 0 | |a ocm38736325 | |
| 040 | |a *YNH* |c *YNH* |d CStRLIN | ||
| 100 | 1 | |6 880-01 |a Fa, Liang, |d active 1851. | |
| 245 | 1 | 0 | |6 880-02 |a Qing yi ban gong yue wu tu shuo : |b 4 juan / |c [Fa Liang bian. |
| 260 | |6 880-03 |a Qinghe, |c 1851?] | ||
| 300 | |a 8 v. (double leaves) : |b ill. ; |c 25 cm. | ||
| 500 | |a Imprint date from preface/postscript. | ||
| 650 | 0 | |a Rites and ceremonies |z China. | |
| 880 | 1 | |6 100-01 |a 法良, |d active 1851. | |
| 880 | 1 | 0 | |6 245-02 |a 清邑伴宮樂舞圖說 : |b 4卷 / |c [法良編. |
| 880 | |6 260-03 |a 清河, |c 1851?] | ||
| 988 | |a 20021121 | ||
| 906 | |0 MH | ||


